| Mythology - Greco/Roman | 0 | 3 | 0 | 1 | 30 | 54 | 98.67 | 1 | 1 | 0.00 | 0.00 |
| Art - Music/Opera | 0 | 3 | 1 | 0 | 25 | 40 | 85.00 | 0 | 2 | 0.00 | 0.00 |
| Literature - World/Misc long fiction | 0 | 2 | 0 | 1 | 20 | 44 | 88.50 | 0 | 1 | 0.00 | 0.00 |
| Art - Painting/Sculpture | 0 | 2 | 0 | 1 | 20 | 130 | 136.00 | 0 | 0 | 0.00 | 0.00 |
| Science - Biology | 0 | 2 | 0 | 1 | 20 | 55 | 94.00 | 0 | 0 | 0.00 | 0.00 |
| Geography - Asia | 0 | 1 | 0 | 0 | 10 | 72 | 72.00 | 1 | 1 | 0.00 | 0.00 |
| History - World | 0 | 1 | 0 | 1 | 10 | 121 | 121.00 | 0 | 0 | 0.00 | 0.00 |
| Literature - American any | 0 | 1 | 0 | 0 | 10 | 63 | 63.00 | 0 | 1 | 0.00 | 0.00 |
| Literature - American drama | 0 | 1 | 0 | 0 | 10 | 82 | 82.00 | 0 | 0 | 0.00 | 0.00 |
| Other Academic/Cross-Category - Any | 0 | 1 | 0 | 1 | 10 | 118 | 118.00 | 0 | 0 | 0.00 | 0.00 |
| Philosophy - Enlightenment | 0 | 1 | 0 | 0 | 10 | 140 | 140.00 | 0 | 0 | 0.00 | 0.00 |
| Philosophy - Mixed/Any | 0 | 1 | 0 | 0 | 10 | 116 | 116.00 | 0 | 0 | 0.00 | 0.00 |
| Religion - Christianity/Judaism | 0 | 1 | 0 | 0 | 10 | 146 | 146.00 | 0 | 0 | 0.00 | 0.00 |
| Religion - Hinduism | 0 | 1 | 0 | 0 | 10 | 89 | 89.00 | 0 | 1 | 0.00 | 0.00 |
| Science - Other | 0 | 1 | 0 | 1 | 10 | 134 | 134.00 | 0 | 0 | 0.00 | 0.00 |
| History - European | 0 | 1 | 0 | 0 | 10 | 141 | 141.00 | 0 | 0 | 0.00 | 0.00 |
| Literature - British any | 0 | 1 | 0 | 0 | 10 | 99 | 99.00 | 0 | 1 | 0.00 | 0.00 |
| Literature - British long fiction | 0 | 1 | 0 | 0 | 10 | 112 | 112.00 | 0 | 1 | 0.00 | 0.00 |
| Literature - European long fiction | 0 | 1 | 0 | 0 | 10 | 86 | 86.00 | 0 | 0 | 0.00 | 0.00 |
| Literature - European short fiction | 0 | 1 | 0 | 1 | 10 | 132 | 132.00 | 0 | 0 | 0.00 | 0.00 |
| Literature - World/Misc short fiction | 0 | 1 | 0 | 1 | 10 | 144 | 144.00 | 0 | 0 | 0.00 | 0.00 |
| Art - Other | 0 | 1 | 0 | 0 | 10 | 97 | 97.00 | 0 | 0 | 0.00 | 0.00 |
| Mythology - Mixed/Any | 0 | 1 | 0 | 0 | 10 | 108 | 108.00 | 0 | 0 | 0.00 | 0.00 |
| Science - Physics | 0 | 1 | 1 | 0 | 5 | 107 | 107.00 | 0 | 1 | 0.00 | 0.00 |
| Science - Chemistry | 0 | 0 | 1 | 0 | -5 | | 0.00 | 0 | 0 | 0.00 | 0.00 |
| Religion - Mixed/Any | 0 | 0 | 1 | 0 | -5 | | 0.00 | 0 | 0 | 0.00 | 0.00 |
| Literature - American long fiction | 0 | 0 | 1 | 0 | -5 | | 0.00 | 0 | 0 | 0.00 | 0.00 |
| Religion - Buddhism | 0 | 0 | 1 | 0 | -5 | | 0.00 | 0 | 0 | 0.00 | 0.00 |
| Art - Visual | 0 | 0 | 1 | 0 | -5 | | 0.00 | 0 | 0 | 0.00 | 0.00 |
| Literature - World/Misc drama | 0 | 0 | 2 | 0 | -10 | | 0.00 | 0 | 0 | 0.00 | 0.00 |